El saber filosófico
Guardat en:
| Autors principals: | , |
|---|---|
| Format: | Llibre |
| Idioma: | espanyol |
| Publicat: |
Ciudad de México
Siglo XXI
2007
|
| Edició: | 1a. ed |
| Matèries: | |
| Etiquetes: |
Afegir etiqueta
Sense etiquetes, Sigues el primer a etiquetar aquest registre!
|
MARC
| LEADER | 00000cam a2200000 a 4500 | ||
|---|---|---|---|
| 001 | UCH9419 | ||
| 003 | CL-VaPUC | ||
| 008 | 100107e20070000MX |||||||||||||||||spa|d | ||
| 020 | |a 9789682326936 o.c | ||
| 082 | 0 | 4 | |a 100 |b MAR |2 21 |
| 100 | |a Martínez Contreras, Jorge |e autor |9 554885 | ||
| 700 | 0 | |a Ponce de León, Aura |e author |9 546473 | |
| 245 | 1 | 3 | |a El saber filosófico |
| 250 | |a 1a. ed | ||
| 300 | |a 3 v | ||
| 942 | |c BK | ||
| 945 | |d 20100107 00:00:00 |a rbrito | ||
| 260 | |a Ciudad de México |b Siglo XXI |c 2007 | ||
| 500 | |a v.1: Antiguo y moderno | ||
| 500 | |a v.2: Sociedad y ciencia | ||
| 500 | |a v.3: Tópicos | ||
| 650 | 0 | |a Filosofía |9 223554 | |
| 650 | 0 | |a Filosofía antigua |9 255705 | |
| 650 | 0 | |a Filosofía contemporánea |9 265372 | |
| 583 | |a last modification |c 20131018 07:09:27 |k Rodrigo Vera | ||
| 999 | |c 339388 |d 339386 | ||
| 952 | |0 0 |1 0 |4 0 |6 100_000000000000000_MAR_2007 |7 0 |8 A |9 433024 |a BIBEDU |b BIBEDU |d 2019-11-22 |h v.1 |i 4631897 |o 100 MAR 2007 |p 4631897 |r 2019-11-22 |w 2019-11-22 |y BK |k FIL | ||
| 952 | |0 0 |1 0 |4 0 |6 100_000000000000000_MAR_2007 |7 0 |8 A |9 433025 |a BIBEDU |b BIBEDU |d 2019-11-22 |h v.2 |i 4631900 |o 100 MAR 2007 |p 4631900 |r 2019-11-22 |w 2019-11-22 |y BK |k FIL | ||
| 952 | |0 0 |1 0 |4 0 |6 100_000000000000000_MAR_2007 |7 0 |8 A |9 433026 |a BIBEDU |b BIBEDU |d 2019-11-22 |h v.3 |i 4631919 |o 100 MAR 2007 |p 4631919 |r 2019-11-22 |w 2019-11-22 |y BK |k FIL | ||
| 952 | |0 0 |1 0 |3 erb |4 0 |6 100_000000000000000_MAR_2007 |7 0 |8 A |9 433027 |a BIBEDU |b BIBEDU |d 2019-11-22 |h v.1 |i 5023696 |o 100 MAR 2007 |p 5023696 |r 2019-11-22 |w 2019-11-22 |y BK |z Catalogado en:20131025 |k FIL | ||
| 952 | |0 0 |1 0 |3 erb |4 0 |6 100_000000000000000_MAR_2007 |7 0 |8 A |9 433028 |a BIBEDU |b BIBEDU |d 2019-11-22 |h v.2 |i 502370K |o 100 MAR 2007 |p 502370K |r 2019-11-22 |w 2019-11-22 |y BK |z Catalogado en:20131025 |k FIL | ||
| 952 | |0 0 |1 0 |3 erb |4 0 |6 100_000000000000000_MAR_2007 |7 0 |8 A |9 433029 |a BIBEDU |b BIBEDU |d 2019-11-22 |h v.3 |i 5023718 |o 100 MAR 2007 |p 5023718 |r 2019-11-22 |w 2019-11-22 |y BK |z Catalogado en:20131025 |k FIL | ||